1383 1237 1769 1045 1084 1773 1760 1659 1519 1139 1528 1663 1503 1923 1574 1964 1367 1618 1768 1460 1323 1229 1995 1242 1108 1172 1340 1143 1532 1824 1009 1063 1989 1512 1343 1610 1205 1750 1727 1713 1375 1472 1719 1558 1681 1357 1168 1066 1100 1915 1550 1110 1362 1955 1854 1924 1552 1944 1010 1521 1884 1380 1298 1209 1024 1842 1648 1330 1813 1098 1952 1895 1418 1775 1341 1119 1174 1277 1947 1871 1611 1545 1664 1268 1159 1142 1390 1615 1877 1237 1686 1442 1857 1332 1205 1773 1915 1074 1192 BCNSPRNW ULIB Ver.6.0+V

เปลี่ยนเป็นภาษาไทย

Change to English
 แสดงรายละเอียดบรรณานุกรม
  กลับหน้าหลัก

Brief Record : Get Marc (ISO 2709) : E-mail record : QR code < ปิดหน้าต่าง
LEADER : 00000nam 2200000uu 4500
001    13399113369
003     ULIB
008    110627s2551||||th 000 0 tha d
020    9789741033638
090    นว.^bด812S 2551
100 0  เด็กทะเล
245 00 Silver Rain...หยาดฝนสีน้ำเงิน/^cเด็กทะเล
250    พิมพ์ครั้งที่ 3
260    กรุงเทพฯ :^bอมรินทร์,^c2551
300    345 หน้า
710 1  อมรินทร์
945    ^p219^l0^i023592
995    ทศพร
999 ^a ใช้งานได้ทุกระบบ
รายการนี้ยังไม่มีแท็ก
คุณยังไม่ได้ล็อกอิน คุณสามารถมีกิจกรรมร่วมกับเว็บไซต์ได้ แต่ต้องล็อกอินก่อน ::
  ล็อกอิน

รายการสื่อสารสนเทศ

ลำดับที่ ประเภท เลขเรียก/บาร์โค้ด สถานที่ สถานะ
- ไม่พบข้อมูล -

รายการใกล้เคียง
    ผู้แต่ง [เด็กทะเล]

BibComment


ยังไม่เคยถูกคอมเมนท์

คอมเมนท์ทรัพยากรรายการนี้
  คอมเมนท์: Silver Rainหยาดฝน..


 Copyright 2026. Bcnsprnw @Library